Datum a čas kvízu
34
Celkem bodů
Celkový počet nahraných bodů na tomto kvízu bez doplňovacích otázek.
4.
Pořadí na kvízu
Konečné umístění týmu na tomto kvízu.
Zaznamenané odpovědi
| # | Otázka | Odpověď | Body | Výsledky |
|---|---|---|---|---|
| 1. | Policie v Praze řeší případ vo... | Šlo o policejní auto. | 1 | |
| 2. | Ze kterého důvodu zrušil minul... | C | 1 | |
| 3. | Minulý týden potvrdili konec s... | David Prachař; Linda Rybová | 1 | |
| 4. | Za co hrozí hostům jednoho hot... | A | 1 | |
| 5. | Minulý týden skončilo juniorsk... | Vojtěch Čihař | 1 | |
| 6. | Téma o městě, které nikdy nesp... | Flatiron (Building)/žehlička | 0 | |
| 7. | Seřaďte uvedené události od té... | 1D 2B 3C 4A | 0 | |
| 8. | Jak se jmenuje tato americká h... | Beastie Boys; No Sleep till Brooklyn | 0 | |
| 9. | Turisté v NYC míří nejen do di... | 1B 2A 3C 4D | 1 | |
| 10. | Jak se jmenuje fiktivní město,... | Gotham (City); Bronx | 0.5 |